000
00317nam a2200109Ia 4500
008
171211s9999 xx 000 0 und d
245
_a
Performing Africa: Remixing Tradition, Theatre, and Culture
245
_c
Thomas Riccio
260
_c
2007
650
_x
ART
856
_u
http://down.ebook777.com/062/0820488992.pdf
999
_c
348560
_d
348560